LEADER 00846nam2-22003011i-450- 001 990000226120403321 035 $a000022612 035 $aFED01000022612 035 $a(Aleph)000022612FED01 035 $a000022612 100 $a20011111d--------km-y0itay50------ba 101 0 $aita 105 $ay-------001yy 200 1 $a2. : Chiefly on engine details. XIII, 291p. : ill. 205 $a13. ed. revised and enlarged <1891> 210 $aLondon$cLongmans-Green and C.$d1895- 215 $av.$d18 cm 461 0$1001000011127$12001$a<> elements of machine design 610 0 $aMacchine$aDisegno 676 $a604.2 700 1$aUnwin,$bW. Cawthorne 801 0$aIT$bUNINA$gRICA$2UNIMARC 901 $aBK 912 $a990000226120403321 952 $a13 AR 23 A 06$b942$fFINBC 959 $aFINBC 997 $aUNINA DB $aING01 LEADER 01056nam a2200313 i 4500 001 991001467849707536 005 20020507194013.0 008 961104s1975 de ||| | eng 020 $a3540073914 035 $ab10851574-39ule_inst 035 $aLE01312696$9ExL 040 $aDip.to Matematica$beng 082 0 $a515.93 084 $aAMS 30C 084 $aAMS 30C45 100 1 $aSchober, Glenn$058483 245 10$aUnivalent functions - selected topics /$cGlenn Schober 260 $aBerlin :$bSpringer-Verlag,$c1975 300 $aiv, 200 p. :$bill. ;$c25 cm 490 0 $aLecture notes in mathematics,$x0075-8434 ;$v478 500 $aBibliography: p. [191]-198 500 $aIncludes index 650 0$aUnivalent functions 907 $a.b10851574$b23-02-17$c28-06-02 912 $a991001467849707536 945 $aLE013 30C SCH21 (1975)$g1$i2013000064710$lle013$o-$pE0.00$q-$rl$s- $t0$u0$v0$w0$x0$y.i10963054$z28-06-02 996 $aUnivalent functions$980873 997 $aUNISALENTO 998 $ale013$b01-01-96$cm$da $e-$feng$gde $h0$i1